Plats avec des Fruits Frais - Mort Subite - Statistiques

Statistiques générales
  • Ce quiz a été pris 160 fois
  • Le résultat moyen est 7 sur 16
Answers on the Grid
Answers color-coded by a green-red scale on the quiz's grid according to % correct below.
Guacamole
Tarte aux bleuets sauvages
Banane flambée
Chausson aux pommes
Mango sticky rice
Sorbet à la fraise
Key lime pie
Flying Jacob
Birnen, Bohnen und Speck
Riz Casimir
Pkhali
Buntil
Salade Waldorf
Salade grecque
Tarte Tatin
Pizza hawaïenne
Cacio e pepe
Financier
Tiramisu
Merveilleux
Gooey butter cake
Brownie
Šakotis
Medianoche
Quiche lorraine
Tamagoyaki
Riz sauce feuille
Salade de sōmen
 
Statistiques - réponses
Réponse % Correct
Pizza hawaïenne
78%
Banane flambée
75%
Sorbet à la fraise
74%
Chausson aux pommes
71%
Tarte Tatin
71%
Mango sticky rice
63%
Guacamole
60%
Tarte aux bleuets sauvages
49%
Key lime pie
47%
Salade grecque
45%
Salade Waldorf
19%
Birnen, Bohnen und Speck
6%
Riz Casimir
6%
Flying Jacob
5%
Pkhali
4%
Buntil
3%
Aucun quiz correspondant
Distribution des résultats
% des personnes avec chaque résultat
Percentile par nombre de réponses
Votre historique - résultats
Vous n’avez pas pris ce quiz